000 00709nam a2200229 ar4500
001 2922
005 20221127090626.0
008 121002s xxua 00110|eng d
020 _a9780132877671(pbk) :
_cSR246.00
082 0 4 _a658.4013
_bB464 2013
100 1 _aBesterfield, Dale H.
245 1 0 _aQuality improvement /
_cDale H. Besterfield.
247 1 _aQuality control.
250 _a9th ed.
260 _aBoston, Mass. :
_bPearson,
_c2013.
300 _avi, 267 p. :
_bill. ;
_c28 cm.
500 _aFormerly entitled : Quality control.
500 _aPrev. ed. : 2009.
504 _aIncludes bibl. references and index.
650 4 _aTotal quality management.
650 4 _aQuality control
_xStandards.
999 _c2920
_d2920